|
|
|
|
| LEADER |
00000nab a2200000ua 4500 |
| 001 |
vtls010773232 |
| 003 |
SK-MaSNL |
| 005 |
20260305001554.0 |
| 008 |
230121s2008 xo |||||||||||||||||slo| |
| 035 |
|
|
|a (urnnbn)urn:nbn:sk:snk:ar-a05kkn
|
| 035 |
|
|
|a (uuid)adaa5039-8e1b-464b-bad1-e4714c9bcfa9
|
| 035 |
|
|
|a urn:nbn:sk:snk-ab4uai
|
| 040 |
|
|
|a SNKBUCL
|b slo
|c SNKBUCL
|e AACR2
|
| 041 |
0 |
|
|a slo
|
| 044 |
|
|
|a xo
|c SK
|
| 100 |
1 |
|
|a Payer, Juraj,
|d 1958-
|4 aut
|9 190344
|
| 245 |
1 |
0 |
|a D-DIMÉRY A VENÓZNY TROMBOEMBOLIZMUS
|c Juraj Payer, Tomáš Koller, Tomáš Petrovič
|
| 700 |
1 |
|
|a Koller, Tomáš
|4 aut
|9 1083569
|
| 700 |
1 |
|
|a Petrovič, Tomáš
|4 aut
|9 1576972
|
| 773 |
0 |
|
|t Interná medicína
|g Roč. 8, č. 12 (2008), s. 633-636
|
| 954 |
|
|
|a odborná, vedecká literatúra pôvodná (slovenská)
|2 lita
|
| 958 |
|
|
|a OND
|
| 958 |
|
|
|a EUIPO
|
| 958 |
|
|
|a article3
|
| 999 |
|
|
|c 3220168
|d 3222098
|